LEADER 00984nam a2200217 i 4500 001 000000058575 003 CaOOAMICUS 005 20140523000000.0 008 140523s1983 it u000 u ita u 013 $a29747 040 $aSeMil$bita 100 1 $aZambruno, Elisabetta,$d<1954- >.$0(OLS)http://semarc/name/90412 245 10$aTeodoro di Beza di fronte a un "Sicofante" :$bla polemica fra il teologo e il "filosofo" /$cElisabetta Zambruno. 260 $a[S.l.] :$bCUSL,$cstampa 1983$e(Parma :$fNovastampa,$gstampa 1983) 300 $a90 p. ;$c24 cm. 500 $aContiene : Nota bibliografica. 650 4$aTeologia - Storia - Studi.$0(OLS)http://semarc/subject/6170 850 $aSeMil 852 $aSeMil$W1$xVenegono$y1$m2K III 259$j24728$B24728$CSeMilBibl$Z2$F24731 $81 996 $6245$aTeodoro di Beza di fronte a un "Sicofante" :$bla polemica fra il teologo e il "filosofo"$9(OLS)http://semarc/title/91338 996 $6260$a[S.l.] :$bCUSL$9(OLS)http://semarc/publisher/41948 LEADER 01041nam a2200253 i 4500 001 000000063412 003 CaOOAMICUS 005 20100624000000.0 008 100624s1970 it u000 u ita u 013 $a34584 040 $aSeMil$bita 100 1 $aMartelet, Gustave,$c.$0(OLS)http://semarc/name/90093 240 12$aL'existence humaine et l'amour.$0(OLS)http://semarc/title/100144 245 12$aL'esistenza umana e l'amore /$cGustave Martelet. 260 $aAssisi :$bCittadella,$cstampa 1970. 300 $a156 p. ;$c19 cm. 490 0 $aNuove frontiere 650 4$aBibbia - Tema [dell'] Amore.$0(OLS)http://semarc/subject/2647 830 0$aNuove frontiere.$0(OLS)http://semarc/title/6287 850 $aSeMil 852 $aSeMil$W1$xVenegono$y1$m2F V 199$j29565$B29565$CSeMilBibl$Z2$F29568 $81 961 $aOmaggio: Biblioteca Seminario Corso Venezia 996 $6245$aL'esistenza umana e l'amore$9(OLS)http://semarc/title/100143 996 $6260$aAssisi :$bCittadella$9(OLS)http://semarc/publisher/29661